Statistics for Valerie - The Weeknd Lyrics

Click here to take the quiz!

General Stats

  • This quiz has been taken 37 times
  • The average score is 170 of 215

Answer Stats

HintAnswer% Correct
( I
96%
I
96%
BridgeValerie
96%
Valerie)
96%
a
92%
love
92%
me
92%
me?
92%
( When
92%
you
92%
And
88%
he
88%
in
88%
need,
88%
need
88%
need)
88%
the
88%
want
88%
do,
84%
do
84%
know
84%
know,
84%
know)
84%
( No,
84%
on
84%
there
84%
VerseThere
84%
to
84%
if
80%
it's
80%
life
80%
My
80%
my
80%
of
80%
can
76%
comes
76%
has
76%
ChorusLike
76%
man's
76%
must
76%
Responsibility
76%
take
76%
things
76%
this
76%
Where
76%
are
72%
feel
72%
for
72%
going
72%
hesitation
72%
kind
72%
never
72%
nobody
72%
only
72%
see
72%
that
72%
through
72%
time
72%
why
72%
another
68%
Chorus | Chrous2x'Cause
68%
( 'Cause
68%
choices
68%
don't
68%
girl
68%
hand
68%
I'd
68%
made
68%
nobody's
68%
oh,
68%
say
68%
true
68%
have
64%
lie
64%
thought
64%
be
60%
certain
60%
could
60%
let
60%
trust
60%
wish
56%
didn't
52%
just
52%
lies)
52%
what
52%
think
48%
baby,
44%
baby)
44%
but
44%
gonna
44%
choose
32%
pretend
32%
try
32%
You'd
28%
alone
24%
rather
24%
than
20%

Score Distribution

Percentile by Number Answered

Percent of People with Each Score

Your Score History

You have not taken this quiz